000 00879cam a22002291 4500
001 sa 68020525
003 DLC
005 20260227112725.0
008 780726s1965 io 000 0 ind
010 _asa 68020525
035 _a(OCoLC)4086627
040 _aDLC
_cOAU
_dDLC
042 _apremarc
050 0 0 _aBP44
_b.J84
100 1 _aYunus, Mahmud,
_d1899-1982.
245 1 0 _aMetodik chusus pendidikan agama;
_bmetode mengadjarkan pendidikan agama di sekolah dasar, S. M.P., S. M. A. dan fakultas² umum, serta metode mengadjarkan ilmu² agama di P. G. A. N. 6 tahun,
_cuntuk mahasiswa² Fakultas Tarbijah I. A. I. N. al-Djami'ah, dan dapat djuga untuk peladjar² P. G. A. Atas.
250 _aTjet. 1.
260 _aDjakarta,
_bAl-Hidajah,
_c1965.
300 _a105 p.
_c22 cm.
504 _aIncludes bibliographical references.
650 0 _aIslamic religious education.
999 _c89478
_d89478